| 000 | 02366nas1a22004211i 4500 | ||
|---|---|---|---|
| 001 | RU\NLR\INFOCOMM4\1000570453 | ||
| 005 | 20240726080503.0 | ||
| 035 | _a(NLR Aleph) 002546418 | ||
| 090 |
_a2980499 _c2980499 |
||
| 100 | _a20040511b19561964|||y0rusy50 ca | ||
| 101 | 0 | _arus | |
| 102 | _aRU | ||
| 110 | _azyu||||0|y0 | ||
| 200 | 1 |
_aУченые записки _fМуромск. гос. пед. ин-т |
|
| 207 | 1 | _aВып.1-9 | |
| 210 |
_aВладимир _cВладимирск. кн. изд-во _d1956-1964 |
||
| 311 | _aПосле Вып.9 работы Ин-та печ. в Ученых записках Рязанского педагогического института (Ш.: П28/426) | ||
| 444 | 0 |
_12001#$aУченые записки Рязанского педагогического института _1852##$aNLR$jП28/426 _tУченые записки Рязанского педагогического института |
|
| 710 | 0 | 2 |
_aМуромский педагогический институт _4070 |
| 801 | 1 |
_aRU _bInfoComm _c20040511 |
|
| 801 | 0 |
_aRU _bNLR _gPSBO |
|
| 852 |
_aNLR _jП1/232 |
||
| 942 | _cSE | ||
| 980 | _aRUSPER | ||